MARC

LEADER 00000nam0a2200000 4500
001 314998
005 20231102002731.0
035 |a (RuTPU)RU\TPU\book\340431 
035 |a RU\TPU\book\340430 
090 |a 314998 
100 |a 20160224d1910 k y0rusy50 ca 
101 0 |a rus 
102 |a RU 
105 |a af z 000zy 
200 1 |a О наивыгоднейшем расположении мастерских для ремонта подвижного состава  |f С. Кульжинский  |g Высочайше учрежденная Особая Высшая Комиссия для всестороннего исследования железнодорожного дела в России(1908-1913) 
210 |a Санкт-Петербург  |c Типография М. Д. Ломковского  |d 1910 
215 |a 12 с., [1] вкл. л.  |c схема 
225 1 |a [Труды]  |h В. XXXI 
300 |a На пер. авт. и загл. не указаны 
300 |a Текст в русской дореформенной орфографии 
316 |5 63413507: М-132748  |a На титульном листе и некоторых страницах штамп-экслибрис И. Н. Бутакова 
317 |5 63413507: М-132748  |a Поступила в НТБ в 1970 г. в составе книжного собрания профессора ТПИ И. Н. Бутакова 
606 1 |a Подвижной состав  |x Железные дороги  |2 stltpush  |3 (RuTPU)RU\TPU\subj\49593  |9 68379 
610 1 |a железнодорожные мастерские 
610 1 |a ремонтно-обслуживающие предприятия 
610 1 |a владельческие знаки 
610 1 |a библиотека И. Н. Бутакова 
675 |a 629.43  |v 4 
700 1 |a Кульжинский  |b С. 
712 0 2 |a Высочайше учрежденная Особая Высшая Комиссия для всестороннего исследования железнодорожного дела в России(1908-1913) 
801 1 |a RU  |b 63413507  |c 20160216 
801 2 |a RU  |b 63413507  |c 20190805  |g RCR 
942 |c BK